000 00373 a2200157 4500
001 47484
020 _a9788538061182
040 _cAnchieta - Aquarius
100 _aCiranda Cultural
240 1 0 _aAs aventuras da detetive Mila
_lpor
245 1 0 _aAs aventuras da detetive Mila
300 _a96p.
362 0 _a2016
650 4 _aLiteratura infanto-juvenil
942 _cBK
999 _c47484
_d47484